banner koha

Contribuições para a flora de samambaias da Serra dos Carajás, Pará, Brasil (Registro n. 332790)

MARC details
000 -LÍDER
fixed length control field 02028nab a2200301 i 4500
003 - CÓDIGO MARC DA AGÊNCIA CATALOGADORA
Campo de controle BR-BrBNA
005 - DATA E HORA DA ÚLTIMA ATUALIZAÇÃO
Campo de controle 20250711193743.0
008 - CAMPO DE TAMANHO FIXO
fixed length control field 250711b2019 bl.ar|pooa||| 00| 0 por |
040 ## - FONTE DA CATALOGAÇÃO
Agência catalogadora BR-BrBNA
Idioma da catalogação por
072 ## - CATEGORIA AGRIS
Código AGRIS F70
100 ## - ENTRADA PRINCIPAL - NOME PESSOAL
Nome pessoal Lima, Lucas Vieira
100 ## - ENTRADA PRINCIPAL - NOME PESSOAL
Nome pessoal Souza, Filipe Soares de
100 ## - ENTRADA PRINCIPAL - NOME PESSOAL
Nome pessoal Viveros, Raquel Stauffer
100 ## - ENTRADA PRINCIPAL - NOME PESSOAL
Nome pessoal Arruda, André Jardim
100 ## - ENTRADA PRINCIPAL - NOME PESSOAL
Nome pessoal Salino, Alexandre
245 ## - TÍTULO PRINCIPAL
Título principal Contribuições para a flora de samambaias da Serra dos Carajás, Pará, Brasil
500 ## - NOTA GERAL
Nota geral Publicação on-line; 36 ref.; 4 illus.; Summaries (En, Pt)
942 ## - ADDED ENTRY ELEMENTS (KOHA)
Koha item type Analítica
520 ## - NOTA DE RESUMO
Nota de conteúdo <br/><br/>Resumo<br/><br/>Este estudo trata os táxons das famílias Athyriaceae, Lomariopsidaceae, Metaxyaceae e Saccolomataceae<br/>(Polypodiopsida) encontrados nas formações de Floresta Ombrófila Densa circunvizinhas às formações de<br/>canga da Serra dos Carajás, estado do Pará, e conta com descrições, imagens, distribuição e comentários. Na<br/>área de estudo foram registradas oito espécies distribuídas em cinco gêneros. <br/><br/>Palavras-chave: Amazônia, flora, floresta úmida, samambaias leptosporangiadas, taxonomia.<br/><br/><br/><br/><br/>Abstract<br/><br/>This study addresses the families Athyriaceae, Lomariopsidaceae, Metaxyaceae and Saccolomataceae<br/>(Polypodiopsida) recorded in the rainforest surrounding “canga” formations of the Serra dos Carajás, Pará<br/>state, with descriptions, images, geographical distribution and comments. In the study area were recorded<br/>eight species distributed in five genera.<br/><br/>Key words: Amazonia, flora, wet forest, leptosporangiate ferns, taxonomy
650 ## - ASSUNTO - THESAGRO
Cabeçalho tópico ou nome geográfico AMAZÔNIA
650 ## - ASSUNTO - THESAGRO
Cabeçalho tópico ou nome geográfico FLORA
650 ## - ASSUNTO - THESAGRO
Cabeçalho tópico ou nome geográfico FLORESTA
650 ## - ASSUNTO - THESAGRO
Cabeçalho tópico ou nome geográfico SAMAMBAIA
650 ## - ASSUNTO - THESAGRO
Cabeçalho tópico ou nome geográfico TAXONOMIA
773 0# - ENTRADA ANALÍTICA
Host Biblionumber 709
Registro do item 351354
Imprenta Rio de Janeiro-RJ Jardim Botanico do Rio de Janeiro 1935
Outro identificador 2025-3977
Título Rodriguésia (Brazil)
ISSN 0370-6583; 2175-7860 on-line
Colação v. 70 p. 1-9; (2019)
Número de controle de registro BR2025003210
856 ## - ACESSO E ENDEREÇO ELETRÔNICO
Identificador uniforme de recurso - URI https://www.scielo.br/j/rod/a/PMqSHC4drQRx5SpTjpL86Lw/?format=pdf&lang=pt

Nenhum exemplar disponível.

BINAGRI

Telefone: (61)3218-2567/2388/3357/2097 - binagri@agro.gov.br

Ministério da Agricultura e Pecuária , Esplanada dos Ministérios, Bloco D, Anexo B, Brasília/DF, CEP: 70.043-900